000 00639nam a2200241Ia 4500
003 OSt
005 20220924143951.0
006 a|||||r|||| 00| 0
007 ta
008 220923b |||||||| |||| 00| 0 urd d
024 _a311475
037 _cTextual
040 _aARTS
_cARTS
_burd
041 _2urd
_aurd
082 _aO168,1w2M, G4
100 _aLutf Mirza Ali
245 0 _aTazkiran gulshan-e-hind
260 _c1934
650 _aURDU POETRY
700 _a Zaur Muhiddin Qadri Ed.
_9216940
942 _hO168,1w2M, G4
_cTEXL
_2CC
999 _c455941
_d455941